000 00839cam a22002413a 4500
001 20631
003 PGUSA
005 20140828083435.0
008 070219s2007||||xxu|||||s|||||000 | eng d
040 _aPGUSA
_beng
042 _adc
050 4 _aDS
100 1 _aZangwill, Israel,
_d1864-1926
245 1 0 _aChosen Peoples :
_bBeing the First "Arthur Davis Memorial Lecture" delivered before the Jewish Historical Society at University College on Easter-Passover Sunday, 1918/5678
_h[electronic resource] /
_cIsrael Zangwill
260 _bProject Gutenberg,
_c2007
506 _aPublic domain in the USA.
516 _aElectronic text
653 _aNational characteristics, German
653 _aJews -- Election, Doctrine of
830 0 _aProject Gutenberg
_v20631
856 4 0 _uhttp://www.gutenberg.org/ebooks/20631
942 _cEB
999 _c249886
_d249886